WTO domestic regulation and services trade : putting principles into practice.
| Format: | Book |
|---|---|
| Published: |
New York:
Cambridge University Press,
2014.
|
| Subjects: |
| LEADER | 00434cam a2200133 7i4500 | ||
|---|---|---|---|
| 001 | 0000032024 | ||
| 005 | 20150205090000.0 | ||
| 020 | 0 | 0 | |a 9781107635340 |
| 090 | 0 | 0 | |a B 382.92 |b WTO |
| 245 | 0 | 0 | |a WTO domestic regulation and services trade : |b putting principles into practice. |
| 260 | 0 | 0 | |a New York: |b Cambridge University Press, |c 2014. |
| 300 | # | # | |a 367 p. |
| 650 | 0 | 0 | |a Foreign trade regulation |
| 999 | |a B000035742 |b Book |c Book |e Business Information Centre | ||


